000 00526nam a2200205 i 4500
001 C2-0296347
003 PPAK
005 20180728074713.0
008 090419s xx |||| ||||| | eng d
040 _aPPAK
_beng
_cPPAK
_erda
082 0 4 _a320.9595
_223
090 0 0 _a320.9595
_bDAL
_dKIH
100 0 _aJ. B. dalton,
_eauthor
245 1 0 _aMalaysian democracy restored?
300 _a8 pages ;
_c33 cm
336 _2rdacontent
_atext
337 _2rdamedia
_aunmediated
338 _2rdacarrier
_avolume
942 _ddc
_cB
999 _c100801
_d100801